| 000 | 02506nam a2200241 4500 | ||
|---|---|---|---|
| 005 | 20250626211118.0 | ||
| 008 | 170718s2025 000 0 eng d | ||
| 040 |
_aCO-CtgCURN _bspa _ccoctgcurn |
||
| 082 | 0 |
_aTSI 2025 _bC257 |
|
| 100 | 1 | _aGuzmán Martelo, Camilo Andrés. | |
| 245 | 1 | 0 |
_aDesarrollo de una aplicación web para la gestión y análisis del fútbol colombiano / _cMichael Andrés Carabali; Joce Angel Blanco Polo ; Asesor:Carlos Garzón; Udualdo Herrera. |
| 260 |
_aCartagena de Indias : _bCorporación Universitaria Rafael Nuñez, _c2025. |
||
| 300 | _a35 hojas. | ||
| 504 | _aTrabajo de grado (Tecnologo en sistemas de información y software). Corporación Universitaria Rafael Nuñez. Facultad de ingenieria de sistema. Tecnologia en sistema de información y software, 2025. | ||
| 520 | _a"El presente proyecto tiene como propósito el desarrollo de una aplicación web orientada a la gestión, visualización y análisis de información sobre el fútbol colombiano. Surge como respuesta a la necesidad identificada de contar con una plataforma que permita acceder de forma centralizada, clara y accesible a datos relacionados con equipos, partidos, estadísticas y contenido multimedia, frente a la dispersión y desorganización de la información existente en plataformas actuales.La aplicación se diseñó para usuarios como aficionados, periodistas deportivos y entrenadores, quienes requieren consultar datos de manera rápida y eficiente. Para su construcción se utilizó una combinación de tecnologías web como HTML, CSS y JavaScript, junto con herramientas como Firebase (para autenticación y base de datos) y Google Drive (para el almacenamiento de contenido visual). La plataforma incluye funciones como registro e inicio de sesión de usuarios, simulación de ascenso y descenso de equipos, visualización de estadísticas básicas y reproducción de videos de goles, además de la integración de un widget oficial de Dimayor para mostrar partidos en tiempo real." | ||
| 650 | 0 |
_aSistemas de información y software _xTesis y disertaciones academicas. |
|
| 700 | 1 | _aBlanco Polo, Joce Angel. | |
| 700 | 1 |
_aGarzón, Carlos, _easesor. |
|
| 700 | 1 |
_aHerrera, Udualdo, _easesor. |
|
| 856 |
_uhttps://unicurn.sharepoint.com/:b:/s/biblioteca/EVXfDZ_LKSFBj9rKn8VRVhcBddDaA25g3Kr9R19ctAcJmA?e=HYlspZ _zClick aqui para ver el recurso en texto completo |
||
| 942 |
_hTSI 2025 _iC257 _2ddc _cTG |
||
| 999 |
_c49062 _d49062 |
||